00732nam a2200229Ia 4500003000400000005001700004008004100021020001800062040000700080041001200087082001700099100003000116245004200146260004500188300001600233365001400249650002400263906003900287942001200326999001900338952014500357OSt20251023180123.0210423s2017 xx 000 0 und d a9789385302350 cAL aEnglish a361.3 bGUPS aSunil Kumar Gupta9119516 aSocial workb: Practices and services aNew DelhibIshika Publishing Housec2017 avii,312bHB b1995cINR aSocial Work9119517 aservices ; Social ; work:Practices 2ddccBK c176601d176601 001040708MSWaSACPGbSACPGd2018-12-12eAcademic Book Distributorsg1995.00l0o361.3 GUPSpPG023305r2022-08-24 00:00:00w2021-04-26yBK